Представление документа в формате RUSMARC

ПолеНазваниеЗначение
  Тип записи c
  Библиографический уровень m
001 Контрольный номер RU/УОНБ/EK_N/596817264
005 Дата корректировки 20240130234959.2
010 Индекс ISBN __
9 Тираж 1000 экз.
013 Номер (ISMN) __
a Номер (ISMN) 979-0-66003-551-1
d Цена 158 р.
100 Данные общей обработки __
a Данные общей обработки 20181129d2017 u y0rusy0189||||ca
101 Язык документа 0_
a Язык текста rus
f Язык титульного листа rus
102 Страна публикации __
a Страна публикации RU
105 Кодированные данные (монография) __
a Кодированные данные (монография) y###||||000|y
125 Кодированные данные звукозаписи и нотных изданий __
a Форма изложения нотного текста с|
128 Кодированные данные (звукозаписи-физические характеристики) __
a Кодированные данные: Музыкальная форма и тональность или лад zz
c Инструменты или голоса, рекомендуемые для солистов (устаревшее) kt||
200 Заглавие и сведения об ответственности 1_
a Заглавие Первые шаги
b Общее обозначение материала Ноты
e Сведения, относящиеся к заглавию для начинающих баянистов и аккордеонистов
f Первые сведения об ответственности сост. и исполн. ред. Е. Лёвина
205 Сведения об издании __
a Основные сведения об издании Изд. 3-е
210 Выходные данные 1_
a Место издания Ростов-на-Дону
c Издательство Феникс
d Дата издания 2017
215 Физическое описание __
a Объем 51 с.
d Формат 29 см
225 Серия 1_
a Серия Учебные пособия для ДМШ
512 Заглавие обложки 1_
a Заглавие обложки Первые шаги
606 Тематические рубрики 0_
a Основная рубрика Баян
x Основная подрубрика Учебные пособия
606 Тематические рубрики 0_
a Основная рубрика Аккордеон
x Основная подрубрика Учебные пособия
610 Ключевые слова 0_
a Ключевые слова баян
610 Ключевые слова 0_
a Ключевые слова аккордеон
610 Ключевые слова 0_
a Ключевые слова учебные пособия
686 Индексы других классификаций __
a Классификационный индекс 85.954.693
a Классификационный индекс 85.954.793
2 Код системы rubbk
702 Вторичная интеллектуальная ответственность _1
a Фамилия Лёвин
b Имя (инициалы) Е.
4 Код отношения 340
4 Код отношения 220
801 Источник записи _0
a Страна RU
b Организация Ульяновская ОНБ
c Дата составления 20181129
g Правила каталогизации RCR
801 Источник записи _1
a Страна RU
b Организация Ульяновская ОНБ
c Дата составления 20181129
g Правила каталогизации RCR
901 Тип документа __
t Тип документа m
909 Создатель записи __
a Создатель записи Лобина Л. И.
938 Служебная информация __
a Имя БД noti
b Имя библиотеки УОНБ
c Имя АИБС МАРК-SQL
d Номер DOC_ID в БД 19589